Grammaire vivante du français (français langue étrangere) exercices d'apprentissage 2
Na minha lista:
| Autor principal: | |
|---|---|
| Outros Autores: | |
| Formato: | Livro |
| Idioma: | francês |
| Publicado em: |
Paris
Diffusion CLE International
1990
|
| Assuntos: | |
| Tags: |
Sem tags, seja o primeiro a adicionar uma tag!
|
MARC
| LEADER | 00000nam$a2200000$$$4500 | ||
|---|---|---|---|
| 001 | 0069091 | ||
| 005 | 20240311125529.7 | ||
| 020 | |a 2-79-039302-7 | ||
| 041 | 0 | |a fre | |
| 044 | |a FR | ||
| 245 | 1 | 0 | |a Grammaire vivante du français (français langue étrangere) |b exercices d'apprentissage 2 |c Monique Callamand, Michele Boulares |
| 264 | 1 | |a Paris |b Diffusion CLE International |c 1990 | |
| 300 | |a 119 s. | ||
| 610 | 2 | 0 | |a jazykoveda |
| 610 | 2 | 0 | |a terminológia |
| 610 | 2 | 0 | |a jazyky cudzie |
| 610 | 2 | 0 | |a francúzština |
| 100 | 1 | |a Callamand, Monique | |
| 700 | 1 | |a Boulares, Michele | |